| 000 | 00704 a2200145 4500 | ||
|---|---|---|---|
| 040 | _aDLC | ||
| 082 | _a954.91 | ||
| 100 | _aPirzada, Syed Sharifuddin | ||
| 245 |
_aFoundations of Pakistan: All India Muslim League documents 1906-1947 _cPirzada, Syed Sharifuddin |
||
| 260 |
_aKarachi: _b National Pub. House _c1969-1990 |
||
| 300 | _av. <1, 3 > 25 cm. | ||
| 500 | _aIncludes bibliographical references and index | ||
| 650 | _a1.All-India Muslim League --History --Sources. 2.Pakistan movement --Sources.3.Muslims --India --Political activity--History --Sources.4.India --Politics and government --1857-1919 --Sources.5.India --Politics and government --1919-1947 --Sources. | ||
| 942 |
_cBK _k954.91 PIR _2ddc |
||
| 999 |
_c5196 _d5196 |
||